| 000 | 00563nam a2200193Ia 4500 | ||
|---|---|---|---|
| 008 | 260312s9999 xx 000 0 und d | ||
| 082 | _a331.01 A594p 1959 HNA | ||
| 100 |
_aEditorial Porrúa _935138 |
||
| 245 | 0 | _aEl problema del trabajo: ensayo de filosofía económica. | |
| 260 | _aClub de lectores | ||
| 260 | _bBuenos Aires, Argentina | ||
| 260 | _c1959 | ||
| 300 | _a332p. | ||
| 500 | _aColección Humberto Nogueira Alcalá | ||
| 650 |
_aFilosofía del trabajo _935139 |
||
| 650 |
_aTrabajadores _911100 |
||
| 650 | _aTrabajo | ||
| 942 |
_2ddc _cLIBRO |
||
| 999 |
_c19962 _d19962 |
||